Online Catalogue and eLibrary

Adyathana sinhala geethaya ha jansruthiya (Record no. 5130)

MARC details
000 -LEADER
fixed length control field 00446nam a2200169Ia 4500
005 - DATE AND TIME OF LATEST TRANSACTION
control field 20250703005734.0
008 - FIXED-LENGTH DATA ELEMENTS--GENERAL INFORMATION
fixed length control field 240331s9999 xx 000 0 und d
020 ## - INTERNATIONAL STANDARD BOOK NUMBER
ISBN 955205818X
082 ## - DDC Classification
Item Number - Author Mark CHA
Class No. 398
100 ## - MAIN ENTRY--PERSONAL NAME
Personal name Chandima himi Waththewewee
245 #0 - TITLE STATEMENT
Title Adyathana sinhala geethaya ha jansruthiya
260 ## - PUBLICATION, DISTRIBUTION, ETC.
Place of publication, distribution, etc. Colombo
Name of publisher, distributor, etc. S . Godage & Brothers
Date of publication, distribution, etc. 2002
300 ## - PHYSICAL DESCRIPTION
Extent (e.g. Volumes, Pages etc.) 254 p .,
650 ## - SUBJECT ADDED ENTRY--TOPICAL TERM
Topical term or geographic name entry element Modern Sinhala song
650 ## - SUBJECT ADDED ENTRY--TOPICAL TERM
Topical term or geographic name entry element Folklore
942 ## - Koha item type (Biblio)
Koha item type Books in Stacks (Lending)
Holdings
Lost status Damaged status Collection code Home library Current library Shelving location Date acquired Full call number Accession Number Item type
    Lending WERC Library WERC Library Social Science Cupboard 03/31/2024 398 CHA 4814 Books in Stacks (Lending)

© WERC Library